| 000 | 01087nam a2200253 a 4500 | ||
|---|---|---|---|
| 001 | BRL_1638 | ||
| 005 | 20190320211312.0 | ||
| 008 | 150414s1935----mx-a######---#000-0#spa-# | ||
| 041 | _aspa | ||
| 044 | _amx | ||
| 050 | 4 |
_aF1210 _b.M49 1935 |
|
| 245 | 1 | 0 |
_aLos mexicanos pintados por sí mismos _bobra escrita por una sociedad de literatos y reproducida en facsimil por la Bilbioteca Nacional de México |
| 260 |
_aMéxico _bBiblioteca Nacional y Estudios Neolitho _c1935 |
||
| 300 |
_a290 p. _bil. (blanco y negro) _c22 cm. |
||
| 500 | _aAu1869 | ||
| 500 | _aIncluye índice de autores y títulos e índice de los artículos. | ||
| 500 | _aEn la portada: ´La edición original fue hecha en la casa de M. Murguía, portal del aguila de oro, en 1855´. | ||
| 500 | _aVer también los numeros de sistema 1887 y 4292 pertenecientes al Fondo Contemporáneo | ||
| 500 | _aVer también número de sistema 1663 perteneciente al Fondo Ruth Luchega | ||
| 650 | 1 | 4 |
_aVida cotidiana _zMéxico _927511 |
| 651 | 4 |
_aMéxico _xVida social y costumbres _9769 |
|
| 902 | _aGRL | ||
| 942 |
_2lcc _cB |
||
| 999 |
_c10447 _d10447 |
||